| 000 | 00812nam a2200217 a 4500 | ||
|---|---|---|---|
| 005 | 20210223124503.0 | ||
| 008 | 011024s1999 mx r 000 0 spa d | ||
| 020 | _a8441509700 | ||
| 035 | _aUPN01000113422 | ||
| 049 | _aCG | ||
| 050 | 4 |
_aTA174 _bO7.4 |
|
| 100 | 1 | _aOrihuela, José Luis | |
| 245 | 1 | 0 |
_aIntroducción al diseño digital : _bconcepción y desarrollo de proyectos de comunicación interactiva / _cJosé Luis Orihuela, María Luisa Santos. |
| 260 |
_aMadrid : _bAnaya Multimedia, _cc1999. |
||
| 300 |
_a256 p. : _bil. |
||
| 440 | 0 |
_aBiblioteca profesional de diseño. _pDiseño y creatividad |
|
| 500 | _a"Nivel: Medio. Tipo de libro: Referencia/Aprendizaje. Temática: Diseño" | ||
| 650 | 4 |
_aDISEÑO ASISTIDO POR COMPUTADORA _99348 |
|
| 700 | 1 |
_aSantos, María Luisa, _ecoaut. |
|
| 905 | _aLibro | ||
| 999 |
_c87330 _d87330 |
||